Железнодорожный транспорт. 1992, Вып.1: Организация перевозок скоропортящихся грузов в рефрижераторных вагонах (Запись № 2038621)

Подробности
000 -МАРКЕР
контрольное поле 01322nam2a22002531 4500
001 - ИДЕНТИФИКАТОР ЗАПИСИ
контрольное поле RU\NLR\INFOCOMM15\1000082765
005 - ИДЕНТИФИКАТОР ВЕРСИИ
контрольное поле 20250617040916.0
035 ## - ДРУГИЕ СИСТЕМНЫЕ НОМЕРА
Идентификатор записи (NLR Aleph) 002436045
100 ## - ДАННЫЕ ОБЩЕЙ ОБРАБОТКИ
Данные общей обработки 20040301d1992 |||y0rusy50 ca
101 0# - ЯЗЫК РЕСУРСА
Язык текста, звукозаписи и т.д. русский
102 ## - СТРАНА ПУБЛИКАЦИИ ИЛИ ПРОИЗВОДСТВА
Страна публикации российская федерация
105 ## - ПОЛЕ КОДИРОВАННЫХ ДАННЫХ: ТЕКСТОВЫЕ МАТЕРИАЛЫ, МОНОГРАФИЧЕСКИЕ
Кодированные данные о монографическом текстовом документе y |||||||||
200 1# - ЗАГЛАВИЕ И СВЕДЕНИЯ ОБ ОТВЕТСТВЕННОСТИ
Основное заглавие Организация перевозок скоропортящихся грузов в рефрижераторных вагонах
Первые сведения об ответственности Э.Б. Вальт
210 ## - ПУБЛИКАЦИЯ, РАСПРОСТРАНЕНИЕ И ДР.
Дата издания, распространения и т.д. 1992
Место издания, распространения и т.д. Б. м.
461 #0 - УРОВЕНЬ НАБОРА
Встроенное поле 001RU\NLR\INFOCOMM15\1000082751
-- 2001#$aЖелезнодорожный транспорт$eОбзор. информ.$iГрузовая и коммерческая работа$fЦНИИ информ., техн.-экон. исслед. и пропаганды ж.-д. трансп.$v1992, Вып.1
Системный номер (АБИС) связанной записи 2038496
Место публикации М.
Дата публикации 1984-
Первые сведения об ответственности ЦНИИ информ., техн.-экон. исслед. и пропаганды ж.-д. трансп.
Заглавие части Грузовая и коммерческая работа
Сведения, относящиеся к заглавию Обзор. информ.
Заглавие Железнодорожный транспорт
ISSN 0203-1760
Номер тома 1992, Вып.1
700 #1 - ИМЯ ЛИЦА - ПЕРВИЧНАЯ ОТВЕТСТВЕННОСТЬ
Начальный элемент ввода Вальт
Часть имени, кроме начального элемента ввода Э.Б.
Код отношения Автор
801 #1 - ИСТОЧНИК ЗАПИСИ
Страна российская федерация
Организация InfoComm
Дата составления 20040301
801 #0 - ИСТОЧНИК ЗАПИСИ
Страна российская федерация
Организация NLR
Правила каталогизации PSBO
852 ## - МЕСТОНАХОЖДЕНИЕ И ШИФР ХРАНЕНИЯ
Идентификатор организации NLR
Шифр хранения (Call Number) П22/5100
942 ## - ДОПОЛНИТЕЛЬНЫЕ ЭЛЕМЕНТЫ ЗАПИСИ (АБИС)
Тип экземпляра АБИС Выпуск
980 ## - КОЛЛЕКЦИЯ
Название коллекции Национальная библиография
980 ## - КОЛЛЕКЦИЯ
Название коллекции Русская периодика

Нет доступных экземпляров.